000 00722cam a22001814a 4500
005 20250605164349.0
008 250528s ||||||||||||||||||||||||d
035 _a24058
040 _aGR-AtMCL
_bgre
_dGR-AtMCL
_eAACR2
245 1 _aSimply Production / The Benchmark for Industrial 3D Printing
260 _bBpa Worldwide,
_c2020
300 _a42
520 _aSimply Production, Lab in a Box, Could am Change How Industry Builds?, Couple Up, Making the Cut, Surface Finishing Metalam Parts: Time to Tackle Time, Switching to a New Debinding Fluid, Coming of Age, Knight to Remember, Materialise CEO on Real Sustainability.
700 1 _aGriffiths Laura
_99377
942 _cCR
999 _c8958
_d8958